[Event "Masson Outaouais-Laurentides m1"]
[Site "Masson"]
[Date "1993.06.05"]
[Round "4"]
[White "Beauchamp, Serge"]
[Black "Amigues, Emmanuel"]
[Result "0-1"]
[WhiteElo "1567"]
[BlackElo "1532"]
[PlyCount "56"]
[EventDate "1993.06.??"]
[EventType "team"]
[EventRounds "4"]
[EventCountry "CAN"]
[SourceTitle "EXT 2022"]
[Source "ChessBase"]
[SourceDate "2021.10.06"]
[SourceVersion "1"]
[SourceVersionDate "2021.10.06"]
[SourceQuality "1"]

1. e4 c5 2. Nf3 Nc6 3. d4 cxd4 4. Nxd4 Nf6 5. Nc3 d6 6. Be2 g6 7. Be3 Bg7 8. 0-0 0-0 9. a3 Bd7 10. Rb1 a6 11. f4 Rc8 12. Bf3 Na5 13. Bf2 b5 14. Re1 Nc4 15. Na2 e5 16. fxe5 Nxe5 17. c3 Re8 18. Nb4 a5 19. Nd5 Nxd5 20. exd5 Qc7 21. Rc1 Re7 22. Rc2 Rce8 23. Rce2 a4 24. Kf1 Qc4 25. Kg1 Nxf3+ 26. gxf3 Bxd4 27. Rxe7 Bxf2+ 28. Kxf2 Qh4+ 0-1